| 000 | 00469nam a2200157 4500 | ||
|---|---|---|---|
| 001 | 46142 | ||
| 090 | _a46142 | ||
| 100 | _a20260528 pory50 | ||
| 101 | _aesp | ||
| 102 | _aFR | ||
| 200 |
_aNuun _eel niño de la prehistoria _fil. Gemma Sales , texto Michel Vaidis _gassec. cient.Laboratorio de Prehistoria del Musée de l' Homme _gtrad. G. Sales Amil |
||
| 210 |
_aVic-en-Bigorre _cMSM _d2006 |
||
| 215 |
_a1 v. _cil. |
||
| 675 | _a82-93 | ||
| 801 |
_aPT _gRPC |
||
| 990 | _cLIVROS | ||